| 000 | 01702nam0a2200325 i 4500 | ||
|---|---|---|---|
| 001 | RU\NLR\bibl\2046425 | ||
| 005 | 20260607072014.0 | ||
| 035 | _a(nilc)RuMoRGB-005428028 | ||
| 035 | _a(NLR Aleph) 002033578 | ||
| 090 |
_a4562214 _c4562214 |
||
| 100 | _a20120502d2011 u y0rusy50 ca | ||
| 101 | 0 | _arus | |
| 102 | _aRU | ||
| 105 | _aa ||||||||| | ||
| 200 | 1 |
_aБунин Иван Алексеевич: воронежские материалы _eбиблиографический указатель _fДеп. культуры Воронеж. обл., Воронеж. обл. универс. науч. б-ка им. И.С. Никитина _gред.-сост. Т. И. Шишкина |
|
| 210 |
_aВоронеж _cВОУНБ _d2011 |
||
| 215 |
_a73 с. _cил., портр. _d21 |
||
| 320 | _aИмен. указ.: с. 64-73 | ||
| 600 | 1 |
_aБунин _bИ. А. _f1870 - 1953 _gИван Алексеевич _jБиблиография _xПамятные места _yВоронежская область _92155985 _3RU\NLR\auth\661602620 |
|
| 686 | _aШ5(2=Р)53-4Бунин28 | ||
| 702 | 1 |
_aШишкина _bТ. И. _gТатьяна Ивановна _4220 |
|
| 702 | 1 |
_4570 _8rus _7ca _aБунин _bИ. А. _f1870-1953 _gИван Алексеевич _3RU\NLR\auth\771321 _9111348 |
|
| 712 | 0 | 2 |
_4570 _aВоронежская областная универсальная научная библиотека им. И. С. Никитина _9427981 _3RU\NLR\AUTH\889965847 |
| 801 | 0 |
_aRU _bРГБ _c20120502 _gRCR |
|
| 801 | 1 |
_aRU _bРГБ _c20120502 _2rusmarc |
|
| 801 | 2 |
_aRU _bNLR _c20130624 _grcr |
|
| 942 | _cBOOK | ||
| 980 | _aNBR | ||